000
00309nam a22001337a 4500
999
_c
158258
_d
158258
020
_a
082
_a
_b
100
_a
Vachaspati Upadhyaya
245
_a
Proceedings of world sanskrit conference(v.4)/
_c
by Vachaspati Upadhyaya.
260
_a
_b
_c
2005.
300
_a
486p.
650
_a
942
_c
BK